Responses for Show #5892 - Tuesday, April 6, 2010

Contestants

[<< previous game]

Emily Bryk, an elementary school science teacher from Brooklyn, New York

David Hoskins, a guybrarian from Jackson, Mississippi

Brandon Hathaway, a mechanical engineer from Augusta, Georgia (whose 1-day cash winnings total $17,800)

[next game >>]

Jeopardy! Round responses

BOTANY
TIME ZONING
WHERE'S THAT DARN TRAIN?
7-"L"ETTER WORDS
ROUNDING THE BASES
FUN AT THE BALLPARK
    $200 12
a mushroom

Emily
    $200 16
Russia

David
    $200 1
a mile

Brandon
    $200 5
lampoon

Emily
    $200 21
Pearl Harbor

David
    $200 11
(Emily: What is a flag?)
(Alex: Be more specific.)

the American flag

Emily
    $400 13
water

Emily
    $400 17
the international date line

David
    $400 2
1800 yards

Brandon
    $400 7
(David: What is lean?)

leanest

BrandonDavid
    $400 22
Iraq

Emily
    $400 27
beer

Brandon
    $600 14
white

Brandon
    $600 18
(David: What are the Sandwich Islands?)

the Aleutians

DavidEmily
    $600 3
75 days

David
    $600 8
leeward

Brandon
    $1,000 24
Air Force One

Brandon
    $600 28
(Brandon: What are gnats?)

bees

BrandonDavid
    $800 15
bamboo

Brandon
    $800 20
(Brandon: What is India?)

China

BrandonEmily
    $800 4
90 miles

Emily
    $800 9
lumbago

Emily
    $800 25
California

Brandon
    $800 30
(Ty) Cobb

David
    $1000 19
nightshades

Brandon
    $1000 23
Zulu

Brandon
    $1000 6
the circumference

David
    $1000 10
lectern

David
    $1000 26
(Brandon: What is the Oregon Trail?)

the Santa Fe Trail

Brandon
Triple Stumper
    $1000 29
(Alex: [*]. Too much [*] came too far down the bat.)

pine tar

Triple Stumper

Scores at the first commercial break (after clue 15):

Brandon David Emily
$3,000 $2,200 $2,600

Scores at the end of the Jeopardy! Round:

Brandon David Emily
$4,800 $3,800 $4,400

Double Jeopardy! Round responses

TALES OF THE SOUTH PACIFIC
PICTURE THE ROLLING STONES HIT
JUST BE-CLAUSE
FASHION DESIGNERS
WHAT HAPPENS IN DEGAS, STAYS IN DEGAS
"AIRE" TIME
    $400 7
Mutiny on the Bounty

Brandon
    $400 3
"Paint It, Black"

Brandon
    $400 13
the Declaration of Independence

Emily
    $400 17
(Brandon: What is a monogram?)

a bow-tie

BrandonEmily
    $400 27
a barre

Emily
    $400 1
Legionnaire's disease

David
    $800 9
(James) Michener

David
    $800 4
"Beast Of Burden"

Brandon
    $800 25
(Clara) Barton

David
    $2,000 23
(Emily: You think I should know this? Um, what is... [*]?)
(Alex: [*] is right.)
(Emily: Really? I feel so much better.)

Milan

Emily
    $800 2
Zaire

Brandon
    $1200 14
(Margaret) Mead

Emily
    $1200 5
"Wild Horses"

David
    $1200 24
(Felix) Frankfurter

Brandon
    $1200 18
(Isaac) Mizrahi

David
    $1200 10
laissez-faire government

David
    $1600 15
(Herman) Melville

Emily
    $1600 6
"Brown Sugar"

Emily
    $1600 21
(Emily: What is the establishment clause?)

the equal protection clause

Emily
Triple Stumper
    $1600 20
(Anna) Sui

Emily
    $1600 28
[The end-of-round signal sounds.]

Émile Zola

Triple Stumper
    $1600 11
Eau Claire

Brandon
    $3,000 16
Robert Louis Stevenson

Emily
    $2000 8
(David: What is "Roll The Dice"?)

"Tumbling Dice"

David
Triple Stumper
    $2000 22
most favored nation

Triple Stumper
    $2000 19
Lilly Pulitzer

Emily
    $2000 26
a jockey

Brandon
    $2000 12
Frigidaire

Brandon

Scores at the end of the Double Jeopardy! Round:

Brandon David Emily
$13,600 $7,400 $17,000

[wagering suggestions for these scores]

Final Jeopardy! Round responses

THE ANIMAL KINGDOM
(Alex: Ah, we think they're extinct, but maybe they're not.)
DavidWho is Noah?
$7,400
BrandonWho is Noah?
$6,000
EmilyWho is Methuselah?
$10,201
Lazarus

Final scores:

Brandon David Emily
$7,600 $0 $6,799
2-day champion: $25,400 3rd place: $1,000 2nd place: $2,000

Game dynamics:

Coryat scores:

Brandon David Emily
$13,200 $7,400 $14,800
19 R
(including 1 DD),
4 W
14 R,
3 W
19 R
(including 2 DDs),
1 W

Combined Coryat: $35,400

[game clues] [game scores] [suggest correction]

Game tape date: 2010-01-19
The J! Archive is created by fans, for fans. Scraping, republication, monetization, and malicious use prohibited; this site may use cookies and collect identifying information. See terms. The Jeopardy! game show and all elements thereof, including but not limited to copyright and trademark thereto, are the property of Jeopardy Productions, Inc. and are protected under law. This website is not affiliated with, sponsored by, or operated by Jeopardy Productions, Inc. Join the discussion at JBoard.tv.